Los Mayas

Kaydedildi:
Detaylı Bibliyografya
Yazar: Matul, Daniel
Materyal Türü: Kitap
Dil:Undetermined
Baskı/Yayın Bilgisi: San José, Costa Rica EDUCA 1998
Konular:
Etiketler: Etiketle
Etiket eklenmemiş, İlk siz ekleyin!

MARC

LEADER 00000nam a2200000Ia 4500
008 170316s9999 xx 000 0 und d
040 |a cru BVZT 
090 |a 899 M-2m 
100 |a Matul, Daniel 
245 |a Los Mayas 
260 |a San José, Costa Rica 
260 |b EDUCA 
260 |c 1998 
300 |a 24 páginas 
650 |a LITERATURA INDÍGENA 
999 |c 12201  |d 12201 
942 |c 15 D  |h 899 M-2m  |2 z